000 00730nam a2200265Ia 4500
003 OSt
005 20220918164407.0
006 a|||||r|||| 00| 0
007 ta
008 220917b |||||||| |||| 00| 0 eng d
020 _a0566081113 (hbk)
024 _a169,002
037 _cTextual
040 _aARTS
_cARTS
_beng
041 _2eng
_aeng
082 _aX:87, N8
100 _aWoodcock Mike
_918746
245 0 _aSelf made leader
_b 25 activities for facilitated personal development
260 _aEngland
_bGower
_c1998
300 _axi, 250p.
_ccm.
650 _aECONOMICS
700 _a Francis Dav
_918747
942 _hX:87, N8
_cTEXL
_2CC
999 _c124606
_d124606